| Tag |
First Indicator |
Second Indicator |
Subfields |
| LEADER |
00000cam a2200000 i 4500 |
| 001 |
in00000670421 |
| 005 |
20151015081055.0 |
| 008 |
750718s1972 nyu 00011 eng d |
| 035 |
|
|
|a (OCoLC)01457938
|
| 035 |
|
|
|9 ACX7305AM
|
| 040 |
|
|
|c BUF
|d TXA
|d UtOrBLW
|
| 041 |
1 |
|
|a eng
|a ger
|
| 049 |
|
|
|a TXAS [scif]
|c 1 [1701543], 2 [1701544]
|
| 090 |
|
|
|a PT2680.E33
|b I45 1972
|
| 100 |
1 |
|
|a Scheer, K.-H.
|q (Karl-H.),
|d 1928-1991.
|
| 245 |
1 |
4 |
|a The immortal unknown /
|c by K. H. Scheer ; [translator: Wendayne Ackerman].
|
| 250 |
|
|
|a American ed.
|
| 264 |
|
1 |
|a New York :
|b Ace Books,
|c [1972]
|
| 264 |
|
4 |
|c ©1972
|
| 300 |
|
|
|a 120 pages ;
|c 18 cm.
|
| 336 |
|
|
|a text
|b txt
|2 rdacontent
|
| 337 |
|
|
|a unmediated
|b n
|2 rdamedia
|
| 338 |
|
|
|a volume
|b nc
|2 rdacarrier
|
| 490 |
1 |
|
|a Perry Rhodan ;
|v 13
|
| 490 |
0 |
|
|a An Ace book ; 65982
|
| 500 |
|
|
|a Translation of the German edition published by Arthur Moewig Verlag.
|
| 500 |
|
|
|a "Series and characters created and directed by Karl-Herbert Scheer and Walter Ernsting."
|
| 830 |
|
0 |
|a Perry Rhodan ;
|v 13.
|
| 999 |
|
|
|a MARS
|
| 999 |
f |
f |
|s 09115ecc-6d16-3be5-8551-7444c49daee9
|i 2c1f8f48-0bcc-36f3-860e-d8728bc66c22
|t 0
|
| 952 |
f |
f |
|p noncirc
|a Texas A&M University
|b College Station
|c Cushing Memorial Library & Archives
|d Cushing: Science Fiction (Does not check out)
|t 0
|e PT2680.E33 I45 1972
|h Library of Congress classification
|i unmediated -- volume
|
| 952 |
f |
f |
|p noncirc
|a Texas A&M University
|b College Station
|c Cushing Memorial Library & Archives
|d Cushing: Science Fiction (Does not check out)
|t 0
|e PT2680.E33 I45 1972
|h Library of Congress classification
|i unmediated -- volume
|
| 952 |
f |
f |
|p noncirc
|a Texas A&M University
|b College Station
|c Cushing Memorial Library & Archives
|d Cushing: Science Fiction (Does not check out)
|t 0
|e PT2680.E33 I45 1972
|h Library of Congress classification
|i unmediated -- volume
|
| 998 |
f |
f |
|a PT2680.E33 I45 1972
|t 0
|l Cushing: Science Fiction (Does not check out)
|
| 998 |
f |
f |
|a PT2680.E33 I45 1972
|t 0
|l Cushing: Science Fiction (Does not check out)
|
| 998 |
f |
f |
|a PT2680.E33 I45 1972
|t 0
|l Cushing: Science Fiction (Does not check out)
|